00000000nam 2200000zi 4500
0019.943052
003CaOODSP
00520251031142449
006m     o  d f      
007cr cn ||||||||
008240910t20242024oncdb   ob   f000 0 eng d
020 |a9780660735634
040 |aCaOODSP|beng|erda|cCaOODSP
043 |an-cnm--
0861 |aM183-2/9204E-PDF
1001 |aEamer, J. B. R., |eauthor.
24510|aRecent research in support of a low-carbon economy at the Geological Survey of Canada - Atlantic / |cJ.B.R. Eamer, L.M. Broom, D.C. Campbell, P.-A. Desiage, C. Greaves, A. Normandeau, G. Philibert , V. Watson, and C. Skinner.
264 1|a[Ottawa] : |bGeological Survey of Canada, |c2024.
264 4|c©2024
300 |a1 online resource (1 page) : |bcharts, maps.
336 |atext|btxt|2rdacontent
337 |acomputer|bc|2rdamedia
338 |aonline resource|bcr|2rdacarrier
4901 |aOpen file, |x2816-7155 ; |v9204
504 |aIncludes bibliographical references.
520 |a"The governments of Canada and Nova Scotia have committed to a net-zero carbon budget by 2050. Achieving this goal would require rapid decarbonization of electrical generation as well as efforts to capture and sequester emitted carbon. Plans toward the former include offshore wind energy"--Context.
650 0|aGeological carbon sequestration|zAtlantic Provinces.
650 0|aOffshore wind power plants|zAtlantic Provinces.
650 6|aPiégeage du carbone géologique|zProvinces de l'Atlantique.
650 6|aCentrales éoliennes en mer|zProvinces de l'Atlantique.
7102 |aGeological Survey of Canada, |eissuing body.
830#0|aOpen file (Geological Survey of Canada)|x2816-7155 ; |v9204.|w(CaOODSP)9.506878
85640|qPDF|s85.70 MB|uhttps://publications.gc.ca/collections/collection_2025/rncan-nrcan/m183-2/M183-2-9204-eng.pdf
8564 |qHTML|sN/A|uhttps://doi.org/10.4095/p4vptgc1s2